Sacred fire : (Record no. 125512)
[ view plain ]
| 000 -LEADER | |
|---|---|
| fixed length control field | 00985cam a2200289 i 4500 |
| 001 - CONTROL NUMBER | |
| control field | 17960267 |
| 003 - CONTROL NUMBER IDENTIFIER | |
| control field | ARRUPE |
| 005 - DATE AND TIME OF LATEST TRANSACTION | |
| control field | 20161017091642.0 |
| 008 - FIXED-LENGTH DATA ELEMENTS--GENERAL INFORMATION | |
| fixed length control field | 131202s2014 nyu b 000 0 eng |
| 010 ## - LIBRARY OF CONGRESS CONTROL NUMBER | |
| LC control number | 2013046344 |
| 020 ## - INTERNATIONAL STANDARD BOOK NUMBER | |
| International Standard Book Number | 9780804139144 |
| 040 ## - CATALOGING SOURCE | |
| Original cataloging agency | DLC |
| Language of cataloging | eng |
| Description conventions | rda |
| Transcribing agency | DLC |
| Modifying agency | DLC |
| 042 ## - AUTHENTICATION CODE | |
| Authentication code | pcc |
| 050 00 - LIBRARY OF CONGRESS CALL NUMBER | |
| Classification number | BX2350.3 |
| Item number | .R655 2014 |
| 082 00 - DEWEY DECIMAL CLASSIFICATION NUMBER | |
| Classification number | 248.4/82 |
| Edition number | 23 |
| 300 ## - PHYSICAL DESCRIPTION | |
| Dimensions | 22 cm. |
| 100 1# - MAIN ENTRY--PERSONAL NAME | |
| Personal name | Rolheiser, Ronald. |
| 9 (RLIN) | 982 |
| 245 10 - TITLE STATEMENT | |
| Title | Sacred fire : |
| Remainder of title | a vision for a deeper human and Christian maturity / |
| Statement of responsibility, etc | Ronald Rolheiser. |
| 250 ## - EDITION STATEMENT | |
| Edition statement | First Edition. |
| 260 ## - PUBLICATION, DISTRIBUTION, ETC. (IMPRINT) | |
| Place of publication, distribution, etc | New York |
| Name of publisher, distributor, etc | Image |
| Date of publication, distribution, etc | 2014 |
| 300 ## - PHYSICAL DESCRIPTION | |
| Extent | xvi, 344 p. ; |
| 504 ## - BIBLIOGRAPHY, ETC. NOTE | |
| Bibliography, etc | Includes bibliographical references (pages 315-337). |
| 650 #0 - SUBJECT ADDED ENTRY--TOPICAL TERM | |
| Topical term or geographic name as entry element | Spiritual formation |
| General subdivision | Catholic Church. |
| 9 (RLIN) | 26749 |
| 650 #0 - SUBJECT ADDED ENTRY--TOPICAL TERM | |
| Topical term or geographic name as entry element | Spirituality |
| General subdivision | Catholic Church. |
| 9 (RLIN) | 26750 |
| 906 ## - LOCAL DATA ELEMENT F, LDF (RLIN) | |
| a | 7 |
| b | cbc |
| c | orignew |
| d | 1 |
| e | ecip |
| f | 20 |
| g | y-gencatlg |
| 942 ## - ADDED ENTRY ELEMENTS (KOHA) | |
| Source of classification or shelving scheme | Library of Congress Classification |
| Koha item type | Monograph ( Printed materials) |
| Withdrawn status | Lost status | Source of classification or shelving scheme | Damaged status | Not for loan | Collection code | Home library | Current library | Shelving location | Date acquired | Total Checkouts | Full call number | Barcode | Date last seen | Date checked out | Price effective from | Koha item type |
|---|---|---|---|---|---|---|---|---|---|---|---|---|---|---|---|---|
| Library of Congress Classification | Main Collection | ARRUPE LIBRARY | ARRUPE LIBRARY | Main Collection | 17/10/2016 | 1 | BX2350.3R655 2014 | 46500020820 | 20/09/2018 | 04/01/2018 | 17/10/2016 | Monograph ( Printed materials) |